Návrh optimalizácia podnikovej kultúry v spoločnosti Winfa, s.r.o.

Uložené v:
Podrobná bibliografia
Hlavný autor: Bachratý, Denis (Autor)
Ďalší autori: Čambál, Miloš (Vedúci práce)
Médium: Rukopis Kniha
Jazyk:Slovak
Vydavateľské údaje: 2025
Predmet:
On-line prístup:http://is.stuba.sk/zp/portal_zp.pl?podrobnosti=183748
Tagy: Pridať tag
Žiadne tagy, Buďte prvý, kto otaguje tento záznam!

MARC

LEADER 00000ntm a22000003a 4500
001 stuzp104322
003 SK-STU
005 20250614212913.6
007 ta
008 150427s2015----xo-----f-mn---000-0-slo-d
040 |a STU  |b slo 
041 0 |a slo 
100 1 |a Bachratý, Denis  |u 064000  |4 aut  |U MTF Materiálovotechnologická fakulta  |T MTF Ústav priemyselného inžinierstva a manažmentu  |X 111734  |U M4000  |Y 84  |7 111734 
242 0 1 |a Proposal for optimization of corporate culture in the industrial enterprise Winfa  |y eng 
245 1 0 |a Návrh optimalizácia podnikovej kultúry v spoločnosti Winfa, s.r.o. 
260 |c 2025 
650 4 |a Winfa  |2 eng 
650 4 |a employees  |2 eng 
650 4 |a company culture  |2 eng 
650 4 |a culture  |2 eng 
650 4 |a zamestnanci  |2 slo 
650 4 |a kultúra  |2 slo 
650 4 |a Winfa  |2 slo 
650 4 |a podniková kultúra  |2 slo 
700 1 |a Čambál, Miloš  |u 064000  |k Z1  |4 ths  |U MTF Materiálovotechnologická fakulta  |T MTF Ústav priemyselného inžinierstva a manažmentu  |X 279  |U M4000  |Y 84  |7 A000000279 
856 4 |u http://is.stuba.sk/zp/portal_zp.pl?podrobnosti=183748 
996 |c M* DP-15480  |l MMSKP  |s P  |a 0  |w stuzp104322_0001